00850nam a2200229 a 450000100060000000300080000600500170001400800410003103500200007204000270009204100080011908200240012710000520015124501040020326000360030730000210034350400300036465000380039494200120043299900170044495201590046157455BD-RjUL20211209080521.0161210s1965 nyu b 000 0 eng  a(BD-RjUL) 57579 aDLCcOAUdBD-RjULbeng aeng a305.4223bLUF 19651 aLudovici, L. J.q(Lorenz James),d1910-917061614aThe final inequality :ba critical assessment of womans's sexual role in society /cL. J. Ludovici. aNew York :bW. W. Norton,c1965 a271 p. ;c22 cm. aBibliography: p. 254-260. 0aWomenxSocial conditions.9170617 2ddccBK c57455d57455 00102ddc40718NFICaRUCLbRUCLcReadingd1973-09-12eStandard Publication, Rajshahig31.25l0o305.4 LUF 1965r2016-12-10 00:00:00tC-1w2016-12-10yBK